|
|
|
|
| LEADER |
00000nam0a2200000 4500 |
| 001 |
268226 |
| 005 |
20231101234141.0 |
| 035 |
|
|
|a (RuTPU)RU\TPU\book\291358
|
| 090 |
|
|
|a 268226
|
| 100 |
|
|
|a 20140828d1987 k y0rusy50 ca
|
| 101 |
0 |
|
|a rus
|
| 102 |
|
|
|a RU
|
| 105 |
|
|
|a y z 000zy
|
| 200 |
1 |
|
|a Новый тип экономического мышления
|e монография
|f Л. И. Абалкин
|
| 210 |
|
|
|a Москва
|c Экономика
|d 1987
|
| 215 |
|
|
|a 191 с.
|
| 606 |
1 |
|
|a Экономика
|x СССР
|2 stltpush
|3 (RuTPU)RU\TPU\subj\37359
|9 58390
|
| 610 |
1 |
|
|a экономическое мышление
|
| 610 |
1 |
|
|a собственность
|
| 610 |
1 |
|
|a экономический рост
|
| 610 |
1 |
|
|a перестройка
|
| 610 |
1 |
|
|a хозяйственный механизм
|
| 610 |
1 |
|
|a товарно-денежные отношения
|
| 610 |
1 |
|
|a кадры
|
| 610 |
1 |
|
|a монографии
|
| 686 |
|
|
|a У9(2)0
|v LBC/SL-A
|2 rubbk
|
| 700 |
|
1 |
|a Абалкин
|b Л. И.
|g Леонид Иванович
|
| 801 |
|
1 |
|a RU
|b 63413507
|c 20140828
|
| 801 |
|
2 |
|a RU
|b 63413507
|c 20160524
|g RCR
|
| 942 |
|
|
|c BK
|